| 000 | 00802nam a22001577a 4500 | ||
|---|---|---|---|
| 003 | OSt | ||
| 005 | 20150914075600.0 | ||
| 008 | 150914b xxu||||| |||| 00| 0 eng d | ||
| 040 | _cRUA | ||
| 082 | _aAGR KEI 1998 B020 Or.1 | ||
| 100 |
_9414 _aKEING, SONG. |
||
| 245 | _aសត្វល្អិតចង្រៃបំផ្លាញដំណាំប៉េងប៉ោះក្នុងលក្ខខ័ណ្ឌស្រុកកៀនស្វាយខេត្តកណ្តាលនិង វិធានការកំចាត់តាមបច្ចេកទេស អាយ ភី អ៊ឹមុ (insects pest on tomato in diensvay district kandal province and control measure by ipm techniques) | ||
| 260 |
_aPhnom Penh _bRUA _c1998 |
||
| 300 |
_a58p. _bill. _c29cm. |
||
| 942 |
_2ddc _cAGR |
||
| 999 |
_c393 _d393 |
||